000 00887nam a22002417a 4500
999 _c22570
_d22570
003 AR-CdUCM
008 190423b ||||| |||| 00| 0 spa d
020 _a9786124217869
040 _aMUNICIPALIDAD PROVINCIAL DEL CUSCO
_cBIBLIOTECA MUNICIPAL DEL CUSCO
082 _aES/869.56/Z97M8
_bZ97M8
100 _aZuzunaga Huaita, Sócrates
_948538
245 _aEl músico mendigo /
_cSócrates Zuzunaga Huaita ; [ilustraciones, Luis Morocho Salazar]
260 _aLima :
_bEdit. Crecer,
_c2017.
300 _a132 páginas. :
_bilustraciones en color ;
_c19 x 19 cm.
500 _a"Solidaridad" "Juvenil"--Cubierta.
650 _aNovelas juveniles peruanas
_948491
650 _aComprensión de lectura
_93320
650 _aCuadernos de trabajo
_93321
650 _aSiglo XX
_948536
700 _aMorocho Salazar, Luis Alberto
_eilustrador
_948539
942 _2ddc
_cLIBROS
945 _arac